đź“–150 premiers mots "Le crime de l'Orient-Express" Agatha Christie - Statistiques

Statistiques générales
  • Ce quiz a Ă©tĂ© pris 62 fois
  • Le rĂ©sultat moyen est 69 sur 150
Statistiques - réponses
Mots % Correct
"Taurus-
98%
Ă€
94%
Alep,
94%
Express".
94%
le
94%
Le
94%
car
92%
car,
92%
d'
92%
Dubosc
92%
train
92%
la
90%
s'
90%
sleeping-
90%
de
88%
De
88%
n'
85%
Il
81%
il
81%
un
75%
et
69%
une
69%
au
67%
des
65%
en
65%
ce
63%
du
63%
ne
63%
wagon-
63%
pas
62%
mais
60%
Par
58%
gare
56%
que
56%
dans
52%
était
52%
on
52%
homme
50%
cinq
46%
heures
44%
matin,
44%
nom
44%
restaurant,
44%
avec
42%
deux
38%
plus
38%
sous
38%
petit
37%
son
37%
aux
35%
quoi
33%
cette
29%
autres
27%
jeune
27%
voyageur
23%
avaient
21%
comprenait
21%
dont
21%
croc.
19%
français,
19%
moustaches
19%
savait
19%
agissait.
17%
quelques
17%
rien
17%
voitures.
17%
bout
15%
froid
15%
marchepied
15%
pompeux
15%
rouge
15%
uniforme
15%
apercevait
13%
glacial,
13%
jours ...
13%
juste
13%
lieutenant
13%
désigné
12%
général -
12%
jusqu'
12%
manteau,
12%
nez
12%
couvert
10%
Devant
10%
élégant,
10%
emmitouflé
10%
épais
10%
officier
10%
oreilles
10%
pendant
10%
acquittait
8%
bonne
8%
circulé
8%
conversait
8%
étranger
8%
relevées
8%
rumeurs
8%
accompagner
6%
amabilités
6%
châtiés.
6%
corvée
6%
enviable,
6%
fortes
6%
garnison.
6%
grâce
6%
importance
6%
langage
6%
montré
6%
offrait
6%
parfaite
6%
prodiguait
6%
stationnait
6%
vagues
6%
Aucun quiz correspondant
Distribution des résultats
% des personnes avec chaque résultat
Percentile par nombre de réponses
Votre historique - résultats
Vous n’avez pas pris ce quiz